| 000 | 01027nam a22002297a 4500 | ||
|---|---|---|---|
| 999 |
_c5198 _d5198 |
||
| 003 | AR-CdUCM | ||
| 008 | 190312b ||||| |||| 00| 0 spa d | ||
| 040 |
_aMUNICIPALIDAD PROVINCIAL DEL CUSCO _cBIBLIOTECA MUNICIPAL DEL CUSCO |
||
| 041 | _hger | ||
| 082 |
_a321.092 / _bH46 |
||
| 100 |
_aHerrfahrdt, Heinrich _915769 |
||
| 245 |
_aRevolución y ciencia del derecho : _binvestigación acerca del alcance jurídico de los procesos revolucionarios y su significación práctica para la teoría general del derecho / |
||
| 260 |
_aMadrid : _bEdit. Revista de Derecho Privado, _c1932. |
||
| 300 |
_a248 páginas ; _c21 cm. |
||
| 505 | _aContenido: Formulación del problema -- El concepto de vigencia -- La obligatoriedad de las normas -- Crítica del relativismo -- El derecho a la revolución -- La revolución como fuente del Derecho ... | ||
| 650 |
_aJurisprudencia _9927 |
||
| 650 |
_aRevoluciones _9627 |
||
| 650 |
_aDerecho _9739 |
||
| 700 |
_aPolo, Antonio (traducción) _915770 |
||
| 942 |
_2ddc _cLIBROS |
||
| 945 | _aachl | ||